Sports Quiz

Random Sports or WWE Quiz

Most Combined WrestleMania Match Times Quiz Stats

Quiz Updated May 10, 2016

Challenge
Share
Tweet
Embed
Score 0/60 Timer 07:00
12 Plays Today
Combined Match Time Wrestler % Correct
415:09The Undertaker
95.8%
405:23Triple H
93.5%
220.17John Cena
91.5%
170.54Hulk Hogan
91.1%
372:30Shawn Michaels
90.7%
202.00The Rock
89.6%
124.49Steve Austin
85.5%
146.57Kane
85.2%
179.15Randy Orton
82.8%
206.49Bret Hart
82.2%
159.13Edge
81.2%
139.46Big Show
79.4%
118.58Randy Savage
79.4%
81.18Owen Hart
77.3%
162.00Chris Jericho
75.6%
86.39Ric Flair
73.3%
84.24Jeff Hardy
73%
125.07Matt Hardy
72.7%
111.35Christian
72.4%
100.38Brock Lesnar
71.6%
117.41Kurt Angle
70.7%
98.27Batista
69.4%
95.30Chris Benoit
66.6%
101.07Mick Foley
66.1%
113.08CM Punk
65.7%
64.07Rey Mysterio
64.9%
59.20The Ultimate Warrior
62.7%
61.05Eddie Guerrero
61.9%
59.52Bubba Ray Dudley
60.6%
59.52D-Von Dudley
60.5%
Combined Match Time Wrestler % Correct
51.43Andre The Giant
60.4%
76.33Ted DiBiase Sr.
59.5%
69.37Daniel Bryan
58.4%
64.35Vince McMahon
56.4%
87.48John 'Bradshaw' Layfield
53.6%
62.52Roddy Piper
51.1%
50.05Goldust
49.9%
45.55Razor Ramon
49.5%
57.07Yokozuna
46.3%
66.47Booker T
45%
53.25Stardust
44.9%
64.10Mark Henry
44.8%
73.13Davey Boy Smith
42%
69.59Dolph Ziggler
39%
44.44Ricky Steamboat
37.5%
44.51Big Boss Man
36.1%
74.54Jake Roberts
34.4%
62.39Kofi Kingston
32.9%
93.27Shelton Benjamin
32.9%
63.47Tito Santana
30.1%
57.48Faarooq
28.9%
48.54Jim Neidhart
25.1%
60.21MVP
21.3%
50.23Greg Valentine
21.1%
44.25Rick Martel
20%
72.35Brutus Beefcake
18.3%
54.30Finlay
17.8%
43.52Haku
14.3%
46.36Jacques Rougeau
9.1%
46.42Drew McIntyre
4.9%

You're not logged in!

Compare scores with friends on all Sporcle quizzes.
Sign Up with Email
OR
Log In

You Might Also Like...

Show Comments

Extras

Top Quizzes Today


Score Distribution

Your Account Isn't Verified!

In order to create a playlist on Sporcle, you need to verify the email address you used during registration. Go to your Sporcle Settings to finish the process.